000 00214nam a2200085 4500
001 1257640
005 20260217132834.0
245 _aKUDÜSÜN İKİNCİ FATİHİSELAHADDİN EYYUBİ
_cMERYEM UÇAR
260 _bERDEM GENÇ
999 _c1257640
_d1257640